000 00806nam a2200241Ia 4500
003 OSt
005 20221005113514.0
006 a|||||r|||| 00| 0
007 ta
008 221004b |||||||| |||| 00| 0 pan d
020 _c200
024 _a96251
037 _b72879, 31/12/2008, Arsee Publishers
_cTextual
040 _aCRL
_cCRL
_bpan
041 _2pan
_apan
082 _aO153,6N24w, P3
100 _aਭਾਟੀਆ, ਸੁਰਜੀਤ ਸਿੰਘ
245 0 _aਪਿੱਲੀ ਇੱਟ
260 _aਲੁਧਿਆਣਾ
_bਲਾਹੌਰ ਬੁੱਕ ਾਪ ਭਾਰਤ
_c2003
300 _a240ਪੰ
_ccm.
942 _hO153,6N24w, P3
_cTEXL
_2cc
999 _c1028399
_d1028399